000 00630nam a22001937a 4500
003 JO-AjAnu
005 20250930092243.0
008 250929b jo ||||| |||| 00| 0 ara d
040 _aANU
_cJO-AjAnu
041 _hARA
100 _aمؤسسة عبدالحميد شومان
_eمؤلف
_965168
245 _aأبطال الأردن
260 _aعمان :
_b مؤسسة عبد الحميد شومان،
_c2025
300 _a193 صفحة
500 _aيحتوي على صور توضيحية
650 _vالأردن-احوال اجتماعية
700 _aزيادنة، هشام
_eمصور
_966722
942 _2lcc
_cBK
_n0
999 _c34024
_d34024